Word Ladder: Tyrion Lannister Quotes Quiz Stats

 Plays Quiz Updated May 19, 2019

Score 0/36 Timer 04:00
0 Plays Today
Clue 4-Letter Word % Correct
šŸ· Next time I ____ an idea like that, punch me in the face. šŸ·HAVE
97.9%
šŸ· Nobody glowers quite ____ you. šŸ·LIKE
97.9%
Where bees liveHIVE
96.6%
šŸ· Death is so final, yet ____ is full of possibilities. šŸ·LIFE
95.9%
Like a rabbit, but biggerHARE
95.6%
šŸ· Must be ____ for you , to be the disappointing child. šŸ·HARD
95.2%
A long walk, especially in the wildernessHIKE
95%
A large group of animalsHERD
93.8%
Activity for you and your dogWALK
90.3%
šŸ· I need to ____ to someone with hair! šŸ·TALK
90.1%
šŸ· There has never lived a ____ loyal squire. šŸ·MORE
89.5%
šŸ· They say I'm half a man, well what does that ____ the lot of you? šŸ·MAKE
87.7%
Follower of 'tall,' 'folk,' and 'fairy'TALE
86.9%
šŸ· You're not ____ to be queen of the ashes. šŸ·HERE
86.8%
Location of the Night's Watch in Game of ThronesWALL
86.7%
Aching and tiredSORE
86.4%
šŸ· Your joy ____ turn to ashes in your mouth. šŸ·WILL
86.3%
šŸ· And now I've struck a king. Did my hand ____ from my wrist? šŸ·FALL
85.8%
Clue 4-Letter Word % Correct
The devil's domicileHELL
85.6%
Reach for and hold; remove from a particular placeTAKE
84.5%
šŸ· Iā€™m a monster as ____ as a dwarf. You should charge me double. šŸ·WELL
83.5%
A very strong windGALE
83.4%
šŸ· Everything's better with ____ wine in the belly. šŸ·SOME
82.9%
Bull or billy goat, e.g.MALE
82.9%
To put into as much as can be heldFILL
82.7%
Being nothing more than; obsoleteMERE
80.9%
šŸ· I much like my ____. I don't want to see it removed just yet. šŸ·HEAD
79.1%
šŸ· Schemes and plots are the ____ thing. šŸ·SAME
78.3%
An alcoholic drink of fermented honey and waterMEAD
78.1%
šŸ· You're in the great ___ now, and the great ____ is terrifying. šŸ·GAME
77.7%
To repair, like a hole in a sockMEND
77.4%
šŸ· I'm here to ____. Don't eat the ____! šŸ·HELP
73.6%
An untidy collection of things piled up haphazardlyHEAP
72.7%
šŸ· A ____ needs books like a sword needs a whetstone. šŸ·MIND
70.8%
šŸ· They've got every ____ of filth down here except the ____ I like. šŸ·KIND
68.3%
šŸ· The ____ is a lost cause. It's the rest of us I'm worried about. šŸ·KING
56.8%

Today's Daily Dose

Missing Word
Banned Books (A-Z)

Word Ladder
Janis Joplin

Get the Picture
Occupations

You're not logged in!

Compare scores with friends on all Sporcle quizzes.
OR
Log In

Sporcle TV

Today on Sporcle TV


Watch our educational content, quiz creation guides, and fun videos on Sporcle TV.

Show Comments

Extras

Top Quizzes Today


Score Distribution

Your Account Isn't Verified!

In order to create a playlist on Sporcle, you need to verify the email address you used during registration. Go to your Sporcle Settings to finish the process.

Report this User

Report this user for behavior that violates our Community Guidelines.

Details: